<?xml version="1.0" encoding="UTF-8"?>
<record
    xmlns:xsi="http://www.w3.org/2001/XMLSchema-instance"
    xsi:schemaLocation="http://www.loc.gov/MARC21/slim http://www.loc.gov/standards/marcxml/schema/MARC21slim.xsd"
    xmlns="http://www.loc.gov/MARC21/slim">

  <leader>00753nam a2200157Ia 4500</leader>
  <controlfield tag="008">210324s9999||||xx |||||||||||||| ||und||</controlfield>
  <datafield tag="040" ind1=" " ind2=" ">
    <subfield code="c">STCPL</subfield>
  </datafield>
  <datafield tag="041" ind1=" " ind2=" ">
    <subfield code="h">ENG</subfield>
  </datafield>
  <datafield tag="082" ind1=" " ind2=" ">
    <subfield code="a">846.22</subfield>
    <subfield code="b">PUB-W</subfield>
  </datafield>
  <datafield tag="100" ind1=" " ind2=" ">
    <subfield code="a">Publisher T</subfield>
  </datafield>
  <datafield tag="245" ind1=" " ind2="0">
    <subfield code="a">Water analysis</subfield>
  </datafield>
  <datafield tag="260" ind1=" " ind2=" ">
    <subfield code="b">Technical And Enginer Serves</subfield>
    <subfield code="c">1964</subfield>
  </datafield>
  <datafield tag="300" ind1=" " ind2=" ">
    <subfield code="a">77P, 21CM</subfield>
  </datafield>
  <datafield tag="650" ind1=" " ind2=" ">
    <subfield code="a">Statistics&#x939;&#x93E;&#x938;&#x94D;&#x92F; &#x915;&#x940; &#x92E;&#x939;&#x924;&#x94D;&#x924;&#x93E;, &#x938;&#x94D;&#x925;&#x93E;&#x92F;&#x93F;&#x92D;&#x93E;&#x935;, &#x939;&#x93E;&#x938;&#x94D;&#x92F; &#x915;&#xE0; &#x938;&#x902;&#x91A;&#x93E;&#x930;&#x93F;&#x92D;&#x93E;&#x935;, &#x939;&#x93E;&#x938;&#x94D;&#x92F; &#x930;&#x938;&#x930;&#x93E;&#x91C; &#x939;&#x948;, &#x92A;&#x94C;&#x930;&#x94B;&#x921;&#x940;, &#x939;&#x93E;&#x938;&#x94D;&#x92F; &#x915;&#x940; &#x915;&#x92E;&#x940;, &#x92A;&#x94D;&#x930;&#x939;&#x938;&#x928;, &#x915;&#x939;&#x93E;&#x928;&#x93F; &#x938;&#x93E;&#x939;&#x93F;&#x924;&#x94D;&#x92F; &#x92E;&#xE1; &#x939;&#x93E;&#x938;&#x94D;&#x92F;, &#x915;&#x935;&#x93F;&#x924;&#x93E; &#x92E;&#xE1; &#x939;&#x93E;&#x938;&#x94D;&#x92F;, &#x915;&#x93E;&#x91F;&#x94D;&#x930;&#x94D;&#x930; &#x928; &#x915;&#x932;&#x93E;, &#x907;&#x924;&#x93F;&#x939;&#x93E;&#x938; </subfield>
  </datafield>
  <datafield tag="942" ind1=" " ind2=" ">
    <subfield code="c">BK</subfield>
  </datafield>
  <datafield tag="999" ind1=" " ind2=" ">
    <subfield code="c">9750</subfield>
    <subfield code="d">9750</subfield>
  </datafield>
  <datafield tag="952" ind1=" " ind2=" ">
    <subfield code="0">0</subfield>
    <subfield code="1">0</subfield>
    <subfield code="4">0</subfield>
    <subfield code="7">0</subfield>
    <subfield code="a">STCPL</subfield>
    <subfield code="b">STCPL</subfield>
    <subfield code="c">D 34 A</subfield>
    <subfield code="d">2021-07-10</subfield>
    <subfield code="g">5.00</subfield>
    <subfield code="l">0</subfield>
    <subfield code="o">846.22 PUB-W</subfield>
    <subfield code="p">16621</subfield>
    <subfield code="r">2021-07-10 00:00:00</subfield>
    <subfield code="w">2021-07-10</subfield>
    <subfield code="y">BK</subfield>
  </datafield>
</record>
